Magdalena Atria.
محفوظ في:
| التنسيق: | كتاب |
|---|---|
| اللغة: | الإسبانية |
| منشور في: |
Santiago, Chile:
Consejo Nacional de la Cultura y las Artes,
2016.
|
| الموضوعات: | |
| الوسوم: |
إضافة وسم
لا توجد وسوم, كن أول من يضع وسما على هذه التسجيلة!
|
MARC
| LEADER | 00000cam a2200000 a 4500 | ||
|---|---|---|---|
| 001 | UCD7129 | ||
| 003 | CL-VaPUC | ||
| 005 | 20240805093347.0 | ||
| 008 | 170309e20160400cl |||||||||||||||||spa|d | ||
| 999 | |c 367241 |d 367239 | ||
| 020 | |a 978-956-362-946-0 | ||
| 040 | |c Pontificia Universidad Católica de Valparaíso | ||
| 082 | 0 | 4 | |a 709.04052 MAG 2016 |2 21 |
| 245 | 1 | 0 | |a Magdalena Atria. |
| 260 | |a Santiago, Chile: |b Consejo Nacional de la Cultura y las Artes, |c 2016. | ||
| 300 | |a 185 páginas. | ||
| 500 | |a c.4 Donación Amalia Cross G. Memo Art 01/2023. Recibido GC 10/01/2023 | ||
| 583 | |a last modification |c 20170309 22:28:00 |k Rodrigo Vera | ||
| 650 | 0 | |a Arte abstracto |9 265105 | |
| 650 | 0 | |a Artistas chilenos |9 344566 | |
| 650 | 0 | |a Arte contemporáneo chileno |9 464579 | |
| 942 | |c BK |2 ddc | ||
| 945 | |d 20170309 22:28:00 |a arojas | ||
| 952 | |0 0 |1 0 |3 erd |4 0 |6 709_040520000000000_MAG_2016 |7 0 |8 R |9 481997 |a BIBART |b BIBART |i 5363020 |l 1 |o 709.04052 MAG 2016 |p 5363020 |r 2025-03-13 |s 2023-11-13 |w 2019-11-24 |y BK_R |z Catalogado en:20170309 |k ART | ||
| 952 | |0 0 |1 0 |3 erd |4 0 |6 709_040520000000000_MAG_2016 |7 0 |8 R |9 481998 |a BIBART |b BIBART |i 5363039 |o 709.04052 MAG 2016 |p 5363039 |r 2025-03-13 |w 2019-11-24 |y BK_R |z Catalogado en:20170309 |k ART | ||
| 952 | |0 0 |1 0 |3 erd |4 0 |6 709_040520000000000_MAG_2016 |7 0 |8 R |9 481999 |a BIBART |b BIBART |i 5412455 |l 3 |o 709.04052 MAG 2016 |p 5412455 |r 2025-03-13 |s 2023-11-08 |w 2019-11-24 |y BK_R |z Catalogado en:20170804 |k ART | ||
| 952 | |0 0 |1 0 |2 ddc |4 0 |6 709_040520000000000_MAG_2016 |7 0 |8 R |9 588594 |a BIBART |b BIBART |c RES |d 2023-01-11 |e Donación |i 5656375 |o 709.04052 MAG 2016 |p 5656375 |r 2025-03-13 |t 4 |w 2023-01-11 |y BK_R |k ART | ||